A tutorial on Windows, Word and Powerpoint / (Record no. 62516)

MARC details
000 -LEADER
fixed length control field 00482nam a22001577a 4500
005 - DATE AND TIME OF LATEST TRANSACTION
control field 20120210141513.0
020 ## - INTERNATIONAL STANDARD BOOK NUMBER
International Standard Book Number 8120911458
Terms of availability 60.00
035 ## - SYSTEM CONTROL NUMBER
System control number B-18048
037 ## - SOURCE OF ACQUISITION
Stock number DPL
Source of stock number/acquisition ENG
100 ## - MAIN ENTRY--PERSONAL NAME
Personal name Aggarwal, V. B.
245 ## - TITLE STATEMENT
Title A tutorial on Windows, Word and Powerpoint /
Statement of responsibility, etc by V.B. Aggarwal and M.P. Goel
260 ## - PUBLICATION, DISTRIBUTION, ETC. (IMPRINT)
Place of publication, distribution, etc New Delhi
Name of publisher, distributor, etc Piyush Printers Publishers
Date of publication, distribution, etc 2000
300 ## - PHYSICAL DESCRIPTION
Extent 140p.
Dimensions 22 cms.
700 ## - ADDED ENTRY--PERSONAL NAME
Personal name Goel, M.P.
9 (RLIN) 41542
942 ## - ADDED ENTRY ELEMENTS (KOHA)
Source of classification or shelving scheme Dewey Decimal Classification
Item type English Books
Classification part 005.43
Call number suffix AGA

No items available.


© Delhi Public Library
Hit Counter
free hit counter